Bilecik Bilecik Bilecik Bilecik Bilecik

Bilgi işlem ve yönetim bilgi sistemi/ (Record no. 19351)

MARC details
000 -BAŞLIK
Sabit Uzunluktaki Kontrol Alanı 00911nam a22002777a 4500
001 - KONTROL NUMARASI
Control Dosyası 0019394
003 - KONTROL NUMARASI KİMLİĞİ
Kontrol Alanı KOHA_MİRAKIL
005 - EN SON İŞLEM TARİHİ ve ZAMANI
Kontrol Alanı 20260207002233.0
007 - FİZİKSEL TANIM SABİT ALAN - GENEL BİLGİ
Sabit uzunluklu kontrol alanı ta
008 - SABİT UZUNLUKTAKİ VERİ ÖGELERİ - GENEL BİLGİ
Sabit Alan 100712b1988 tu |||gr||||#||||0|tur |
040 ## - KATALOGLAMA KAYNAĞI
Özgün Kataloglama Kurumu TR-BiSEU
Kataloglama Dili tur
Çeviri Kurumu TR-BiSEU
Açıklama Kuralları rda
041 0# - DİL KODU
Metin ya da ses kaydının dil kodu tur
044 ## - YAYINLAYAN/ÜRETEN KURULUŞUN ÜLKE KODU
ISO country code tu
050 ## - SINIFLAMA ve YER NUMARASI
Sınıflama Numarası T58.6
Yer Numarası .Y45 1988
100 1# - KİŞİ ADI
Yazar Adı (Kişi adı) Yılmaz, Cengiz.
245 1# - ESER ADI BİLDİRİMİ
Başlık Bilgi işlem ve yönetim bilgi sistemi/
Sorumluluk Bildirimi Cengiz Yılmaz ; Cengiz Yılmaz.
264 #1 - ÜRERİM, YAYIN, DAĞITIM ve TELİF BİLDİRİMİ
Yayın yeri Kayseri :
Yayınlayan Erciyes Üniversitesi
Yayın tarihi 1988
300 ## - FİZİKSEL TANIMLAMA
Sayfa, Cilt vb. 144 s. ;
Boyutları 23 cm.
336 ## - İÇERİK TÜRÜ
Content type term metin
Content type code txt
Source rdacontent
337 ## - MEDYA TÜRÜ
Media type term aracısız
Media type code n
Source rdamedia
338 ## - TAŞIYICI TÜRÜ
Carrier type term cilt
Carrier type code nc
Source rdacarrier
490 1# - DİZİ BİLDİRİMİ
Dizi Bildirimi Erciyes Üniversitesi İktisadi İdari Bilimler Fakültesi Yayınları;2
650 #0 - KONU BAŞLIĞI EK GİRİŞ - KONU TERİMİ
Konusal terim veya coğrafi ad Yönetim bilişim sistemleri.
9 (RLIN) 3096
830 1# - SERİ EK GİRİŞİ - TEKBİÇİM ESER ADI
Tekbiçim Başlık Erciyes Üniversitesi İktisadi İdari Bilimler Fakültesi Yayınları;2
9 (RLIN) 43525
942 ## - EK GİRİŞ ÖGELERİ (KOHA)
Source of classification or shelving scheme Library of Congress Classification
Koha item type Book
Holdings
Materyal Türü Kalıcı Konum Mevcut Konum Sınıflandırma Kaynağı Edinim Bilgisi Ana Konular Alt Konular Yer Numarası Demirbaş Numarası Fatura Tarihi Maliyet, Alış Fiyatı Maliyet, Yenileme Fiyatı Geri Çekilme Durumu Kayıp Durumu Hasarlı Durumu Kredi için değil Kayıt Tarih Toplam Ödünçverme Son Görülme Tarihi Son Kontrol Tarihi Genel / Bağış Notu
Book BŞEÜ Gölpazarı MYO Kütüphanesi BŞEÜ Gölpazarı MYO Kütüphanesi Library of Congress Classification Bağış TEKNOLOJİ Teknoloji (Genel) T58.6 .Y45 1988 0019394 02/02/2026 2.50 2.50         12/07/2010   05/12/2024 05/12/2024 Genel Bağış